Dictionary of marketing / (Record no. 122467)

MARC details
000 -LEADER
fixed length control field 00704nam a22002297a 4500
003 - CONTROL NUMBER IDENTIFIER
control field dpl
005 - DATE AND TIME OF LATEST TRANSACTION
control field 20180621130641.0
008 - FIXED-LENGTH DATA ELEMENTS--GENERAL INFORMATION
fixed length control field 180621b xxu||||| |||| 00| 0 eng d
010 ## - LIBRARY OF CONGRESS CONTROL NUMBER
LC control number A-938935
035 ## - SYSTEM CONTROL NUMBER
System control number A-938935, A-938940
037 ## - SOURCE OF ACQUISITION
Source of stock number/acquisition Cen Lib/Ret
040 ## - CATALOGING SOURCE
Original cataloging agency DPL
Language of cataloging EN
Transcribing agency 0
082 ## - DEWEY DECIMAL CLASSIFICATION NUMBER
Classification number 658.803
245 ## - TITLE STATEMENT
Title Dictionary of marketing /
Statement of responsibility, etc edited by Gagan Raj
260 ## - PUBLICATION, DISTRIBUTION, ETC. (IMPRINT)
Place of publication, distribution, etc Mumbai
Name of publisher, distributor, etc Himallaya publishing house
Date of publication, distribution, etc 1998
270 ## - ADDRESS
Address ''Ramdoot '' dr. bhalerao marg,Girgaon,
City Mumbai
Postal code 400004
300 ## - PHYSICAL DESCRIPTION
Extent 237p. :
Dimensions 21cm(Hb)
650 ## - SUBJECT ADDED ENTRY--TOPICAL TERM
Topical term or geographic name as entry element Marketing
Form subdivision Dictionary
9 (RLIN) 101741
650 ## - SUBJECT ADDED ENTRY--TOPICAL TERM
Topical term or geographic name as entry element Marketing dictionary
9 (RLIN) 101742
700 ## - ADDED ENTRY--PERSONAL NAME
Personal name Raj, Gagan
9 (RLIN) 33855
942 ## - ADDED ENTRY ELEMENTS (KOHA)
Source of classification or shelving scheme Dewey Decimal Classification
Koha item type English Books
Classification part 658.803
Call number suffix DIC
Holdings
Withdrawn status Lost status Damaged status Not for loan Home library Current library Date acquired Source of acquisition Cost, normal purchase price Total Checkouts Full call number Barcode Date last seen Copy number Cost, replacement price Price effective from Koha item type Date checked out Source of classification or shelving scheme Collection code
        Central Library Central Library 23/05/2015 Cen Lib/Ret 0.00   658.803 DIC A-938935 23/05/2015 1 0.00 15/09/2016 English Books      
        Central Library Central Library 22/07/2015 Cen Lib/Ret 0.00 1 658.803 DIC A-938934 14/10/2019 2 0.00 15/09/2016 English Books 12/10/2019    
        Shahdara Branch Shahdara Branch 21/06/2018 BPPD/PUB 0.00   658.803 DIC A-938940 21/06/2018   0.00 21/06/2018 English Books   Dewey Decimal Classification Non-fiction

© Delhi Public Library
Hit Counter
free hit counter